00305nam a2200109Ia 4500008004100000020001500041100002800056245006100084250000800145260003500153300000700188211105s9999 xx 000 0 und d aVYASA08201 aAkhandananda Saraswathi 0aMeri Kuch Bhi Nahi Hein Athava Sab Kuch Eswar Ka Hi Hein a1st bSatsahitya prakashan trustc\N a32